US Interstates by a Single Clue - Statistics

General Stats
  • This quiz has been taken 252 times
  • The average score is 10 of 20
Answer Stats
Clue Answer % Correct
The longest Interstate highway 90
96%
The only mainline interstate in ME, RI, and DE 95
81%
Ends at both Canada and Mexico (as of now) 5
78%
Runs for over 800 miles in Texas alone 10
77%
The only mainline interstate in Nebraska 80
76%
Runs from near New Orleans to Chicago 55
71%
Follows the eastern edge of the Rocky Mountains 25
66%
Follows the Appalachian Mountains from NY to TN 81
60%
Has numerous short segments from Michigan to Texas 69
55%
The only east-west interstate to end at a foreign country 94
55%
Splits into east and west routes twice 35
52%
Goes through Great Smoky Mountains National Park 40
51%
The newest interstate 14
46%
The shortest mainline Interstate highway 97
40%
The longest intrastate interstate 45
38%
Follows the Connecticut River 91
37%
Has an exit for Zzyzx Rd 15
30%
Is multiplexed with the same number US route for its entire length 41
18%
Is in one state but has three different sets of exit numbers 87
12%
Lent its name to a Modest Mouse song 8
9%
No matching quizzes found
Score Distribution
Percent of People with Each Score
Percentile by Number Answered
Your Score History
You have not taken this quiz